|
|
|
|
| LEADER |
00000nab a2200000 a 4500 |
| 001 |
vtls000565686 |
| 003 |
SK-MaSNL |
| 005 |
20260303013437.0 |
| 008 |
180331c1996 xo 0 slo |
| 015 |
|
|
|a SNBRB19rr/mm-uuuuu
|
| 035 |
|
|
|a CL0565824
|
| 040 |
|
|
|a SNKBUCL
|b slo
|c SNKBUCL
|e AACR2
|
| 041 |
1 |
|
|a slo
|h ukr
|
| 044 |
|
|
|a xo
|c SK
|
| 080 |
|
|
|a 883-3(087.5)
|2 1981
|
| 100 |
1 |
|
|a Franko, Ivan Jakovyč,
|d 1856-1916
|4 aut
|9 118348
|
| 245 |
1 |
0 |
|a Tri mešteky ľsti
|c Ivan Jakovyč Franko ; Prekl. S.B. ml. ; Ilustr. Jozef Cesnak
|
| 650 |
0 |
7 |
|a rozprávky autorské o zvieratách
|2 snkbucl
|9 898238
|
| 655 |
|
7 |
|a články z novín a časopisov
|2 snkbucl
|9 267496
|
| 655 |
|
7 |
|a články z odboru literárna veda a krásna literatúra
|2 snkbucl
|9 770045
|
| 655 |
|
7 |
|a ukrajinské rozprávky
|2 snkbucl
|9 82055
|
| 700 |
1 |
|
|a S.B.
|c ml.
|4 trl
|9 983961
|
| 700 |
1 |
|
|a Cesnak, Jozef,
|d 1936-2021
|4 ill
|9 218934
|
| 773 |
0 |
|
|t Ohník
|g Roč. 48, č. 3 (1995/1996), s. 10
|x 0139-8911
|
| 850 |
|
|
|a Slovenská národná knižnica v Martine
|a MTA001
|
| 852 |
|
|
|a SNK
|b KIS3GCP
|
| 958 |
|
|
|a RK
|
| 958 |
|
|
|a LX
|
| 958 |
|
|
|a UA
|
| 992 |
|
|
|a RBX
|
| 999 |
|
|
|c 1602608
|d 1604538
|